Normal view
MARC view
- Handler, Richard,
Entry Personal Name
001 - CONTROL NUMBER
- control field: 10443
003 - CONTROL NUMBER IDENTIFIER
- control field: NUST
005 - DATE AND TIME OF LATEST TRANSACTION
- control field: 20180522071143.0
008 - FIXED-LENGTH DATA ELEMENTS
- fixed length control field: 180522|| aca||aabn | a|a d
040 ## - CATALOGING SOURCE
- Original cataloging agency: NUST
- Transcribing agency: NUST
100 ## - HEADING--PERSONAL NAME
- Personal name: Handler, Richard,
- Dates associated with a name: 1950-
670 ## - SOURCE DATA FOUND
- Source citation: Work cat.: (NUST)0: Handler, Richard, 1950-, Nationalism and the politics of culture in Quebec /, 1988.
